Coin Flip #1 - Statistics

General Stats
  • This quiz has been taken 44 times
    14 since last reset
  • The average score is 11 of 20
Answer Stats
Question Answer % Correct
Heads or tails? Tails
100%
Heads or tails? Heads
88%
Heads or tails? Heads
75%
Heads or tails? Heads
75%
Heads or tails? Heads
63%
Heads or tails? Heads
63%
Heads or tails? Heads
63%
Heads or tails? Tails
63%
Heads or tails? Tails
63%
Heads or tails? Tails
63%
Heads or tails? Heads
50%
Heads or tails? Heads
50%
Heads or tails? Heads
50%
Heads or tails? Heads
38%
Heads or tails? Heads
38%
Heads or tails? Heads
38%
Heads or tails? Tails
38%
Heads or tails? Tails
38%
Heads or tails? Tails
38%
Heads or tails? Heads
25%
No matching quizzes found
Score Distribution
Percent of People with Each Score
Percentile by Number Answered
Your Score History
You have not taken this quiz since the last reset